Представление документа в формате MARC21

Поле Инд. ПП Название Значение
Тип записи a
Библиографический уровень m
001 Контрольный номер 16cef6a2-36bb-4b37-bf2d-d7ef209771d1
005 Дата корректировки 20140226190321.4
008 Кодируемые данные 020302
040 a Служба первич. каталог. НБ ТвГУ
041 a Код языка текста rus
080 a Индекс УДК 541.64:542
084 a Индекс другой классификации/Индекс ББК Г7
090 x Авторский знак Р12
a Полочн. индекс Г7
100 1_ a Автор Рабек Я.
245 10 a Заглавие Экспериментальные методы в химии полимеров
n Номер части/ раздела Ч.1
b Продолж. заглавия В 2 ч.
c Ответственность Я. Рабек; Пер. с англ. Я. С. Выгодского; Под ред. В. В. Коршака
260 0_ a Место издания Москва
c Дата издания 1983
b Издательство Мир
300 a Объем 382 с.
b Иллюстрации/ тип воспроизводства ил.
500 a Примечание Перевод изд.: Experimental methods in polymer chemistry /Jan F. Rabek (Chichester etc.)
504 a Библиография Библиогр.: с. 310-460.
a Библиография Предм. указ.: с. 461-473.
650 a Основная рубрика Полимеры
x Основная подрубрика Исследование
x Основная подрубрика Физико-химические методы
653 a Ключевые слова Исследование полимеров
a Ключевые слова Полимеры
a Ключевые слова Физико-химические методы исследования полимеров
a Ключевые слова Химия полимеров
700 1_ a Другие авторы Выгодский Я. С.
e Роль лиц пер.
700 1_ a Другие авторы Коршак В. В.
e Роль лиц ред.
852 t Порядковый номер экземпляра 3
p Инвентарный номер 516630
p Инвентарный номер 516632
p Инвентарный номер 516631
952 c Вид литературы К рн
954 a Дата поступления на обработку 20020302
999 a Подразделение 2 Фил3